000 00382nam a22001577a 4500
005 20160625093931.0
008 160625b xxu||||| |||| 00| 0 eng d
041 _aeng
082 _b9906
100 _aStain, M.L. and Paterno Susen F
_92704
245 _aThe Newswriter's Handbook
260 _bSurjeet
_c2003
300 _a283
650 _aMass Communication
_92660
942 _cBK
999 _c3894
_d3893